The Cambridge history of India (Record no. 553125)
[ view plain ]
| 000 -LEADER | |
|---|---|
| fixed length control field | 00908cam a2200193K 4500 |
| 082 ## - DEWEY DECIMAL CLASSIFICATION NUMBER | |
| Classification number | 954.031 |
| Author Mark | CAM |
| 245 04 - TITLE STATEMENT | |
| Title | The Cambridge history of India |
| 260 ## - PUBLICATION, DISTRIBUTION, ETC. | |
| Place of publication, distribution, etc. | Delhi, |
| Name of publisher, distributor, etc. | S. Chaud, |
| Date of publication, distribution, etc. | 1962- |
| 300 ## - PHYSICAL DESCRIPTION | |
| Extent | 1 online resource. |
| Other physical details | illus., fold. maps. |
| 505 1# - FORMATTED CONTENTS NOTE | |
| Formatted contents note | v. 1. Ancient India, edited by E.J. Rapson.--v. 3. Turks and Afghans, edited by W. Haig.--v. 4. The Mughul period, planned by W. Haig, edited by R. Burn.--v. 5. British India, 1497-1858, edited by H.H. Dodwell.--v. 6. The Indian Empire, 1858-1918, with chapters on the development of administration, 1818-1858, edited by H.H. Dodwell. |
| 526 ## - STUDY PROGRAM INFORMATION NOTE | |
| Program name | 0 |
| Interest level | 0 |
| Reading level | 0 |
| Title point value | 954_031000000000000_CAM |
| 650 ## - SUBJECT ADDED ENTRY--TOPICAL TERM | |
| Topical term or geographic name entry element | MCE |
| 9 (RLIN) | 379 |
| 700 1# - ADDED ENTRY--PERSONAL NAME | |
| Personal name | Burn, Richard, |
| 9 (RLIN) | 50394 |
| 700 1# - ADDED ENTRY--PERSONAL NAME | |
| Personal name | Dodwell, Henry, |
| 9 (RLIN) | 50395 |
| 700 1# - ADDED ENTRY--PERSONAL NAME | |
| Personal name | Haig, Wolseley, |
| 9 (RLIN) | 50396 |
| 700 1# - ADDED ENTRY--PERSONAL NAME | |
| Personal name | Rapson, E. J. |
| 9 (RLIN) | 50397 |
| 856 40 - ELECTRONIC LOCATION AND ACCESS | |
| Uniform Resource Identifier | <a href="http://catalog.hathitrust.org/api/volumes/oclc/5260459.html">http://catalog.hathitrust.org/api/volumes/oclc/5260459.html</a> |
| 942 ## - ADDED ENTRY ELEMENTS (KOHA) | |
| Source of classification or shelving scheme | |
| Koha item type | Book |
| Withdrawn status | Lost status | Source of classification or shelving scheme | Damaged status | Not for loan | Permanent Location | Current Location | Shelving location | Date acquired | Total Checkouts | Full call number | Barcode | Date last seen | Price effective from | Koha item type |
|---|---|---|---|---|---|---|---|---|---|---|---|---|---|---|
| Military College of Engineering (MCE) | Military College of Engineering (MCE) | 01/29/2015 | 954.031 CAM | MCE-ECC /65.3 | 01/29/2015 | 01/29/2015 | Book |
